Loading...
Science - Other Science | 0 | 6 | 0 | 0 | 60 | 42 | 80.83 | 1 | 2 |
History - World History | 0 | 4 | 0 | 0 | 40 | 116 | 127.75 | 0 | 0 |
History - American History | 0 | 3 | 0 | 0 | 30 | 90 | 107.33 | 0 | 1 |
Literature - American Literature | 0 | 3 | 1 | 0 | 25 | 90 | 112.33 | 0 | 0 |
Current Events | 0 | 2 | 0 | 0 | 20 | 70 | 82.50 | 0 | 2 |
Fine Arts - Painting & Sculpture | 0 | 2 | 0 | 0 | 20 | 63 | 104.00 | 0 | 0 |
History - European History | 0 | 2 | 0 | 0 | 20 | 91 | 112.50 | 0 | 0 |
Literature - British Literature | 0 | 2 | 0 | 0 | 20 | 86 | 107.00 | 0 | 1 |
Literature - World Literature | 0 | 2 | 0 | 1 | 20 | 152 | 153.00 | 0 | 0 |
Fine Arts - Other Fine Arts | 0 | 2 | 1 | 0 | 15 | 45 | 84.00 | 1 | 1 |
History - Other History | 0 | 2 | 1 | 0 | 15 | 127 | 134.50 | 0 | 0 |
Other Academic | 0 | 2 | 2 | 0 | 10 | 73 | 103.50 | 1 | 1 |
Geography | 0 | 1 | 0 | 0 | 10 | 88 | 88.00 | 0 | 1 |
Literature - European Literature | 0 | 1 | 0 | 0 | 10 | 154 | 154.00 | 0 | 0 |
Science - Chemistry | 0 | 1 | 0 | 0 | 10 | 145 | 145.00 | 0 | 0 |
Science - Physics | 0 | 0 | 1 | 0 | -5 | 0.00 | 0 | 0 | |
Philosophy | 0 | 0 | 1 | 0 | -5 | 0.00 | 0 | 0 | |
Science - Biology | 0 | 0 | 1 | 0 | -5 | 0.00 | 0 | 0 |